000 00710nam a2200253Ia 4500
008 170203s9999 xx 000 0 und d
020 _a9710870432
050 _a338.5
050 _bA958m 2011
100 _aAvila-Bato, Ma. Jesusa.
245 _aMicro Economics Simplified /
245 _cAvila-Bato, Malvaceda, Marcelino, Viray.
260 _aMandaluyong City :
260 _bNational Book Store.
260 _c2011
300 _a186 pages :
300 _billustrations ;
300 _c26 cm.
650 _aMicro Economics.
650 _xEconomics.
700 _aMalveda, Lucky Raymundo M., author.
700 _aMarcelino, Ramon Benedicto, author.
700 _aViray, Edilberto Jr. B.
999 _c305446
_d305446